00833nam a2200241Ia 4500001000600000003000900006008004100015040001300056040001300069041001300082100001800095100002900113245004500142245005900187250001100246260001100257260001100268260004900279300005500328500014900383650002800532650003100560F3484IT-RoPAU130308s9999 xx 000 0 und d aIT-RoPAU cIT-RoPAU aITALIANO aEsteve Michel gCodice Aut. SPICS: 6892 aVisione del mondo di Robert Bresson (La) bCaso e la Necessita' (Il). Il Cinema di Robert Bresson a1a ed. aTORINO bLindau c1998 [1° Ed.:1998 - Ed.Ling.Originale:1998] a"9 p. (prefazione: no ; testo: 9 [pagine: 25-33])" aMistero del Reale. presenza Dello Spirituale. Evoluzione di Bresson. Assenza e presenza di Dio. prova della Prigione. Esplosione della Liberta'. aAUTORI/OPERE DEL CINEMA eCodice materia Spics: 6807